00617nam a22001697a 450000500170000001000130001702000250003003500120005503700130006708200080008010000220008824501270011024600840023726000490032127000570037030000200042720230516103841.0 aUR-11998 a9789350734087c80.00 aU-10553 bDBAD/PUB a841 aامام اغظم aاردو شاعری میں ہند وستا نی تہز یب کثرت میں وحدت کا اظہار /cامام اغظم aUrdu Shairi mein hindustani Tahzeeb kasrat mein wahdat ka izhar /bby Imam Azam aDelhibEducational Publishing Housec2014 ء a3108, Vakil Street, Kucha Pandit, Lal KuanbDelhie6 a64 صc23cm(Hb)